| 000 | 00991nam a2200229Ii 4500 | ||
|---|---|---|---|
| 003 | JO-AjNU | ||
| 005 | 20240623125416.0 | ||
| 008 | 230605s9999||||xx |||||||||||||| ||und|| | ||
| 040 |
_aJO-AjNU _bara _erda _cJO-AjNU |
||
| 041 | _aara | ||
| 100 |
_aالقضاة، مصطفى عبدالله أحمد _964765 _eمعد |
||
| 245 |
_aاثر هيكل رأس المال على ربحية الشركات المساهمة العامة الصناعية الأردنية / _cمصطفى عبدالله أحمد القضاة |
||
| 260 | _c2008 | ||
| 300 | _a101 ورقه | ||
| 336 |
_atext _btxt _2rdacontent |
||
| 337 |
_aunmediated _bn _2rdamedia |
||
| 338 |
_avolume _bnc _2rdacarrier |
||
| 500 | _aرساله جامعيه (ماجستير) - جامعة اليرموك، 2008 تحتوي على جداول | ||
| 650 | _vالاستثمار-الشركات الصناعية-الادارة المالية-الاردن | ||
| 700 |
_aالحمود، تركي راجي _964635 _eمشرف |
||
| 942 |
_2lcc _cTHS |
||
| 999 |
_c33029 _d33029 |
||